00767nam a2200181Ia 4500001001000000003000500010008004100015010001100056040000900067082002100076100002300097245006200120260005500182300001000237440002000247500025100267650006700518Para_2674CHAP220125s1933 xx 000 0 und d a201208 cCHAP aPA-C 595.752 A54 aTakahashi, Ryoichi aAleyrodidae of Formosa, pte. II /c by Ryoichi Takahashi aFormosa :b Dept. of. Agric. Gover Research Inst. a24 p. aAleyrodidae; 15 aSobretiro de: Formosa. Department of agriculture Goverment Research Institute Formosa Japan Report; 60. Encuadernado con: Notes on the english and american races of the greenhouse white-fly (Trialeurodes vaporariorum) /by Franz Schrader. 70-141 aAleurodidae x Colecciones de escritos Aleurodidae x Formosa